000
00410nam a2200145Ia 4500
008
100204s9999 xx 000 0 und d
082
_b
12879
100
_a
रांगणेकर कुमुदिनी
245
_a
नकळत
260
_b
"अर्चना प्रकासन, पुणे"
_c
1990
300
_a
187
630
_a
नकळत
730
_a
नकळत
942
_c
BOOK
999
_c
457311
_d
457308